000 01702nam a2200325 4500
003 EG-GICUC
005 20260121101218.0
008 251113s2007 ua ||||fr|||| 00| 0 ara d
017 _a200716416
020 _a9770452874
040 _a EG-GICUC
_bara
_c EG-GICUC
_d EG-GICUC
_erda
041 0 _aara
082 0 4 _221
_a341.851
_bع ب . ا
092 0 4 _221
099 _aLaw1 12 341.851 ع ب . ا 2007
100 0 _aعبد المنعم زمزم
_eمؤلف.
245 1 2 _aالإجراءات التحفظية و الوقتية :
_bقبل و أثناء و بعد انتهاء خصومة التحكيم /
_cعبد المنعم زمزم.
264 1 _aالقاهرة :
_bدار النهضة العربية،
_c2007 .
300 _a180 ؛ صفحة
_c24 سم
336 _2rda content
_atext
337 _2rda media
_aComputer
338 _2rda carrier
_aOnline Resource
500 _aاتخاذ الإجرات التحفظية بواسطة المحكمة وفقا للمادة 14 المحكمة المختصة فى التحكيم االداخلى - المحكمة المختصة فى التحكيم الدولى - عدم اتفاق الأطراف على اختصاص محكمة استئناف معينة - اتفاق الأطراف على اختصاص محكمة استئناف معنية - اتخاذ الاجراءات التحفظية بواسطة هيئة التحكيم وفقا للمادة 24 /
504 _aيحتوي على ارجاعات ببليوجرافية
546 _aالنص باللغة العربية
650 1 _aالتحكيم - قانون دولي
856 4 0 _uhttps://fll.law.cu.edu.eg/fulltext/bks/B12-00984.pdf
905 _a75
_eYara
942 _2ddc
_n0
_cBK
_e21
999 _c43085
_d43085